| 000 | 01029nac a22002777a 4500 | ||
|---|---|---|---|
| 001 | BR9101545 | ||
| 003 | BR-BrBNA | ||
| 005 | 20240105121147.0 | ||
| 008 | 230509b bl.|||m| |||| 00| 0 por d | ||
| 040 |
_aBR-BrBNA _bpor _cBiblioteca Nacional de Agricultura |
||
| 072 | _aF07; P33 | ||
| 090 | _a0180 BR9101545 | ||
| 110 | 1 |
_aOrganizacao das Cooperativas do Estado do Parana, Cascavel (Brasil) _97725 |
|
| 245 | 1 | _aEfeito do sistema de preparo do solo nas suas caracteristicas fisicas e quimicas e no rendimento de trigo e soja em latossolo roxo; resultados obtidos de 1982 a 1988 | |
| 260 | 3 |
_aCascavel, PR (Brasil): _c1990. |
|
| 300 | _a54 p. | ||
| 490 |
_aResultados de Pesquisa - Organizacao das Cooperativas do Estado do Parana (Brazil) _vno. 4 _xISSN 0103-1503 |
||
| 500 | _aSummaries (En, Pt); 37 ref. | ||
| 650 | _aTRIGO | ||
| 650 | _aSOJA | ||
| 650 | _aCULTIVO DO SOLO | ||
| 650 | _aQUIMICA DO SOLO | ||
| 650 | _aFISICA DO SOLO | ||
| 909 |
_a202312 _bLúcia Elande _c55 _dLúcia Elande |
||
| 942 |
_2AGRIS _n0 _cMS |
||
| 999 |
_c283657 _d283657 |
||